000 00967nac a22002777a 4500
001 BR8004060
003 BR-BrBNA
005 20240105114737.0
008 230509b bl.|||m| |||| 00| 0 por d
040 _aBR-BrBNA
_bpor
_cBiblioteca Nacional de Agricultura
072 _aE10
090 _aE10 BR8004060
110 1 _aInstituto Brasileiro de Economia, Rio de Janeiro, RJ. Centro de Estudos Agricolas
_95764
245 1 _aAgropecuaria, precos medios e indices de: arrendamentos, vendas de terras, salarios e servicos 1966 a 1979 [Brasil]
260 3 _aRio de Janeiro, RJ (Brasil):
_c1980.
300 _a52 p.
490 _aAgropecuaria. Precos Medios e Indice de Arrendamento, Vendas e Terras, Salarios, Servicos (Brazil)
_v
_x
500 _aNumerical data
650 _aLAVOURA
650 _aPASTAGEM
650 _aTERRA
650 _aARRENDAMENTO
650 _aPRECO MEDIO
909 _a202312
_bLúcia Elande
_c55
_dLúcia Elande
942 _2AGRIS
_n0
_cMS
999 _c271067
_d271067